| 000 | 00736cam a2200241 a 4500 | ||
|---|---|---|---|
| 001 | 3448917 | ||
| 003 | OSt | ||
| 005 | 20160519105538.0 | ||
| 008 | 920306s1993 dcu b 001 0 eng c | ||
| 010 | _a 92010416 | ||
| 020 | _a0880483237 (alk. paper) | ||
| 040 | _aSEKU | ||
| 050 | 0 | 0 |
_aRC 488 _b.G7 1993 |
| 245 | 0 | 0 |
_aGroup therapy in clinical practice / _cedited by Anne Alonso, Hillel I. Swiller. |
| 260 |
_aWashington, DC : _bAmerican Psychiatric Press, _cc1993. |
||
| 300 |
_axxv, 581 p. ; _c24 cm. |
||
| 504 | _aIncludes bibliographical references and index. | ||
| 650 | 0 | _aGroup psychotherapy. | |
| 650 | 2 | _aPsychotherapy, Group. | |
| 700 | 1 | _aAlonso, Anne. | |
| 700 | 1 |
_aSwiller, Hillel I., _d1939- |
|
| 942 |
_2lcc _cGEN |
||
| 999 |
_c14122 _d14122 |
||